Pi Digits #21 1901-2000 - Statistics

General Stats
  • This quiz has been taken 362 times
  • The average score is 12 of 20
Answer Stats
Digits % Correct
06744
96%
27862
88%
04712
68%
20391
68%
37137
68%
94945
68%
86960
64%
95636
60%
43719
56%
17287
52%
41389
52%
46575
52%
46776
52%
73962
52%
99581
52%
08658
48%
32645
48%
33904
48%
59009
48%
78027
48%
No matching quizzes found
Score Distribution
Percent of People with Each Score
Percentile by Number Answered
Your Score History
You have not taken this quiz